000 00533nam a2200229Ia 4500
003 OSt
005 20221005125815.0
006 a|||||r|||| 00| 0
007 ta
008 221004b |||||||| |||| 00| 0 kan d
024 _a59243
037 _cTextual
040 _aCRL
_cCRL
_bkan
041 _2kan
_akan
082 _aA, 33H6
100 _aNabha Au.
_9637141
245 0 _aPrapanchada kathi
260 _c1946
650 _aSCIENCE
942 _hA, 33H6
_cTEXL
_2cc
999 _c1055118
_d1055118